Technology export from the socialist countries

Gardado en:
Detalles Bibliográficos
Autor Principal: Maciejewicz, Jan Monkiewicz
Formato: Libro
Idioma:Undetermined
Publicado: Boulder Westview 1986
Những chủ đề:
Các nhãn: Engadir etiqueta
Sen Etiquetas, Sexa o primeiro en etiquetar este rexistro!
Thư viện lưu trữ: Trung tâm Học liệu Trường Đại học Cần Thơ
LEADER 00508nam a2200181Ia 4500
001 CTU_95471
008 210402s9999 xx 000 0 und d
082 |a 338.9 
082 |b M152 
100 |a Maciejewicz, Jan Monkiewicz 
245 0 |a Technology export from the socialist countries 
245 0 |c Jan Monkiewicz Maciejewicz 
260 |a Boulder 
260 |b Westview 
260 |c 1986 
650 |a Technology transfer 
904 |i Hiếu 
980 |a Trung tâm Học liệu Trường Đại học Cần Thơ